Nerovnosti pracovných a disponibilných príjmov v Slovenskej republike podľa Theilových indexov

Disponibilné príjmy rozpočítané na člena domácnosti predstavujú základný zdroj informácií pre zisťovanie úrovne nerovností v krajine a sú kľúčovým determinantom životnej úrovne obyvateľstva, čo z nich robí veľmi dôležitú oblasť skúmania.

Salvato in:
Dettagli Bibliografici
Autore principale: Tkáč, Miroslav, 1987-
Natura: Capitolo di libro
Lingua:slovacco
Soggetti:
Tags: Aggiungi Tag
Nessun Tag, puoi essere il primo ad aggiungerne!!

MARC

LEADER 00000nla a2200000 4500
001 0185214
005 20240502073156.5
041 0 |a slo 
044 |a SK 
245 1 0 |a Nerovnosti pracovných a disponibilných príjmov v Slovenskej republike podľa Theilových indexov  |c Miroslav Tkáč 
520 |a Disponibilné príjmy rozpočítané na člena domácnosti predstavujú základný zdroj informácií pre zisťovanie úrovne nerovností v krajine a sú kľúčovým determinantom životnej úrovne obyvateľstva, čo z nich robí veľmi dôležitú oblasť skúmania. 
610 2 0 |a situácia finančná obyvateľstva 
610 2 0 |a domácnosti 
610 2 0 |a príjmy rodinné 
610 2 0 |a nerovnosť 
610 2 0 |a úroveň životná 
610 2 0 |a index nákladov životných 
100 1 |a Tkáč, Miroslav, 1987-